000 00982nam a2200229Ia 4500
999 _c37558
_d37558
001 3524
003 GE_BSU
005 20190530202321.0
008 181216s1993|||| |||||||||||||| ||geo||
040 _cGE_BSU
041 _ageo
080 _a620.1:539.4(042.4) დ-19
100 _aდანელია, დ.
_91885
245 _aმასალათა გამძლეობა : პირველი ნაწილი :ლექციების კონსპექტი /
_cდ. დანელია ; ზ. მაძაღუა ; გ. ხაზალია ; რედ : ც. არსენიძე.
264 _aთბილისი :
_bსტუ,
_c1993.
300 _a71 გვ .:
_c20 სმ.
653 _aმასალათა გამძლეობა
700 _aმაძაღუა,ზ
_91886
700 _aხაზალია,გ
_91887
700 _aარსენიძე, ც
_eრედაქტორი
_91557
942 _cBK
_2udc